| 000 | 00796nam a2200253 a 4500 | ||
|---|---|---|---|
| 999 |
_c12132 _d12132 |
||
| 001 | 12132 | ||
| 003 | BD-JhCC | ||
| 005 | 20210318122654.0 | ||
| 008 | 210318r19872011enkaf b 001 0 eng | ||
| 010 | _a 87004186 | ||
| 020 |
_a0070841659 (pbk.) : _c£12.95 |
||
| 035 | _a(BD-JhCC)12132 | ||
| 040 |
_aDLC _cDLC _dDLC _dBD-JhCC |
||
| 050 | 0 | 0 |
_aQP519 _b.P58 1987 |
| 082 | 0 | 0 |
_a574.19/2 _219 _bPLU 2011 |
| 100 | 1 | _aPlummer, David T. | |
| 245 | 1 | 3 |
_aAn introduction to practical biochemistry / _cDavid T. Plummer. |
| 250 | _a3rd ed. | ||
| 260 |
_aLondon ; _aNew York : _bMcGraw-Hill, _c2011 [reprint]. |
||
| 300 |
_axx, 332 p., [2] p. of plates : _bill. (some col.) ; _c25 cm. |
||
| 504 | _aIncludes bibliographies and index. | ||
| 650 | 0 |
_aBiochemistry _xLaboratory manuals. |
|
| 942 |
_2ddc _cBK |
||